000 00494nmm a2200157Ia 4500
008 251105s9999||||xx |||||||||||||||||und||
020 _a9789875141841
041 _aspa
100 _aRoffé, Reina
245 0 _aAves exóticas :
_b Cinco cuentos con mujeres raras. Y uno más.
264 _a[Buenos Aires, Argentina] :
_bEditorial Leviatán,
_c2011
300 _a120 páginas
650 _aLatin American narrative
856 _uhttps://public.digitaliapublishing.com/a/133899
942 _cCF
999 _c97401
_d97401